000 00496nam a22001817a 4500
003 CEME
005 20210628203332.0
008 210126b xxu||||| |||| 00| 0 eng d
020 _a81-213-2804-4
040 _c.
082 _a621.317 RAO
100 _aRao, K.L, Saibabu, Ch
_964797
245 _aTheory of power electronics, for the students of b.e and b.tech
260 _aNEW DELHI
_bCHAND & COMPANY
_c2007
300 _aXIV,391P
650 _aPOWER ELECTRONICS.
_92000
942 _cBK
_2ddc
999 _c573187
_d573187